[Event "Baku Open 2023"]
[Site "Baku AZE"]
[Date "2023.05.08"]
[Round "5.16"]
[White "Bernadskiy, Vitaliy"]
[Black "Madaminov, Mukhiddin"]
[Result "1-0"]
[WhiteTitle "GM"]
[BlackTitle "IM"]
[WhiteElo "2619"]
[BlackElo "2436"]
[WhiteFideId "14100371"]
[BlackFideId "14210703"]
[EventDate "2023.05.04"]

1. d4 Nf6 2. Nf3 g6 3. Nc3 d5 4. Bf4 Bg7 5. Nb5 Na6 6. e3 O-O 7. Be2 Bg4 8. O-O
c6 9. Nc3 Nb8 10. a4 a5 11. Ra3 Nbd7 12. Rb3 Qc8 13. h3 Bxf3 14. Bxf3 Re8 15. g4
e5 16. Bg3 exd4 17. exd4 Nf8 18. g5 Ne4 19. Nxe4 dxe4 20. Bg4 Qd8 21. h4 Re7 22.
c3 Qd5 23. Ra3 h5 24. Bh3 e3 25. Qb3 Qf3 26. Bg2 Qg4 27. Kh2 e2 28. Re1 Qf5 29.
Raa1 Rae8 30. Rac1 Qg4 31. Qc2 f6 32. Qd3 fxg5 33. Bf3 Qe6 34. Rxe2 Qb3 35. Rxe7
Rxe7 36. hxg5 Qxb2 37. Rb1 Qa3 38. d5 Qxc3 39. Qxc3 Bxc3 40. dxc6 bxc6 41. Bxc6
Bb4 42. Rd1 Ne6 43. Be5 Kh7 44. Bf6 Rc7 45. Be4 Be7 46. Be5 Rc5 47. f4 Nxg5 48.
Bg2 Kg8 49. Bd4 Ne6 50. Bxc5 Nxc5 51. Bc6 Kf7 52. Kg3 Ke6 53. Kf3 g5 54. fxg5
Bxg5 55. Rd5 Be7 56. Rxh5 Kd6 57. Bb5 Bf6 58. Kf4 Bb2 59. Kf5 Ba3 60. Rh1 Nb3
61. Ke4 Bb4 62. Rh6+ Ke7 63. Kd5 Nc5 64. Rc6 Nb3 65. Be2 Nd2 66. Bd1 Nb1 67. Kd4
Nd2 68. Kd3 Kd7 69. Rc1 Kd6 70. Ra1 Kd5 71. Ra2 Nb1 72. Rc2 Kd6 73. Bh5 Ke7 74.
Bg6 Ke6 75. Bh7 Kf7 76. Bf5 Kf6 77. Bc8 Ke5 78. Ba6 Kd6 79. Rc1 Na3 80. Kd4 Bd2
81. Rg1 Bb4 82. Rg6+ Kc7 83. Bd3 Kb7 84. Ke3 Kc7 85. Ke2 Bc3 86. Kd1 Bd4 87. Kc1
Bc5 88. Kb2 Bb4 89. Kb3 1-0

[Event "Baku Open 2023"]
[Site "Baku AZE"]
[Date "2023.05.08"]
[Round "5.17"]
[White "Petrov, Nikita"]
[Black "Manafov, Vugar"]
[Result "1-0"]
[WhiteTitle "GM"]
[BlackTitle "FM"]
[WhiteElo "2547"]
[BlackElo "2399"]
[WhiteFideId "4101286"]
[BlackFideId "13410814"]
[EventDate "2023.05.04"]

1. d4 Nf6 2. c4 e6 3. Nf3 Bb4+ 4. Bd2 a5 5. a3 Bxd2+ 6. Qxd2 b6 7. e3 Bb7 8. Bd3
d6 9. Nc3 Nbd7 10. e4 e5 11. O-O O-O 12. Rfe1 Re8 13. Bc2 exd4 14. Nxd4 Ne5 15.
b3 Nfd7 16. Rad1 Nc5 17. Qc1 Qh4 18. Nd5 Bxd5 19. cxd5 a4 20. b4 Nb3 21. Bxb3
axb3 22. Qb2 Ra6 23. Qxb3 Ng4 24. Qg3 Qxg3 25. hxg3 Rxa3 26. Rc1 Ra4 27. Rxc7
Nf6 28. Nc2 h5 29. f3 Ra2 30. Ne3 Rb2 31. Rec1 b5 32. Nf5 Nxd5 33. Rc8 Nf6 34.
Rxe8+ Nxe8 35. Rc8 Kf8 36. Nxd6 Ke7 37. Nxe8 g6 38. Rb8 1-0

[Event "Baku Open 2023"]
[Site "Baku AZE"]
[Date "2023.05.08"]
[Round "5.18"]
[White "Kushko, Dmitriy"]
[Black "Guliyev, Namig"]
[Result "1/2-1/2"]
[BlackTitle "GM"]
[WhiteElo "2379"]
[BlackElo "2538"]
[WhiteFideId "14162261"]
[BlackFideId "13400363"]
[EventDate "2023.05.04"]

1. e4 e5 2. Nf3 Nf6 3. d4 Nxe4 4. Bd3 Nc6 5. Nxe5 Nxe5 6. dxe5 Nc5 7. Bc4 d6 8.
Qf3 Qe7 9. Be3 Qxe5 10. Qxf7+ Kd8 11. Nc3 Be7 12. O-O-O Rf8 13. Qd5 Nd7 14. Rhe1
Bf6 15. h3 Qxd5 16. Nxd5 a6 17. Bd3 h6 18. f4 Bh4 19. g3 Nf6 20. Nb6 Bxg3 21.
Rg1 cxb6 22. Bxb6+ Kd7 23. Rxg3 Nh5 24. Rg6 Nxf4 25. Rxg7+ Kc6 26. Be3 1/2-1/2

[Event "Baku Open 2023"]
[Site "Baku AZE"]
[Date "2023.05.08"]
[Round "5.19"]
[White "Samant, Aditya S"]
[Black "Salimova, Nurgyul"]
[Result "1/2-1/2"]
[WhiteTitle "IM"]
[BlackTitle "IM"]
[WhiteElo "2496"]
[BlackElo "2391"]
[WhiteFideId "35080580"]
[BlackFideId "2915138"]
[EventDate "2023.05.04"]

1. e4 e5 2. Nf3 Nc6 3. Bb5 a6 4. Ba4 Nf6 5. O-O Nxe4 6. d4 b5 7. Bb3 d5 8. Nxe5
Nxe5 9. dxe5 c6 10. a4 b4 11. Be3 a5 12. c4 bxc3 13. bxc3 Be7 14. c4 Be6 15. Qc2
O-O 16. Rd1 Rc8 17. Nc3 Nxc3 18. Qxc3 Bb4 19. Qc2 Qh4 20. f4 Qh5 21. Qa2 dxc4
22. Bxc4 Rcd8 23. Rf1 Rd3 24. Bxe6 Rxe3 25. Bd7 Qg6 26. Qc4 Rc3 27. Qe2 Rd8 28.
f5 Qg5 29. e6 Qe3+ 30. Qxe3 Rxe3 31. Rac1 c5 32. Rc4 Kf8 33. Rg4 Bc3 34. g3 Bd4
35. Kg2 Ke7 36. Rh4 h6 37. Rb1 Kf6 38. Rf4 Re2+ 39. Kh3 Be5 40. Rc4 Bd4 41. Rcc1
g5 42. Re1 g4+ 43. Kxg4 Rxh2 44. Rb6 Rg8+ 45. Kf4 Rf2+ 46. Ke4 Rxg3 47. exf7+
Kxf7 48. Be6+ Kf6 49. Bc8+ Kf7 50. Kd5 Re3 51. Be6+ Kf6 52. Bc8+ Kf7 53. Rh1
Re5+ 54. Kd6 Rb2 55. Be6+ Kg7 56. Rxb2 Bxb2 57. Ke7 c4 58. f6+ Kg6 59. Rg1+ Rg5
60. Bf7+ Kh7 61. Rf1 Ba3+ 62. Ke8 Re5+ 63. Kd7 c3 64. Bb3 Re2 65. f7 c2 66. Rc1
Re7+ 67. Kc6 Rxf7 68. Bxf7 Bxc1 69. Bb3 Kg6 70. Bxc2+ Kg5 71. Kd5 Kf4 72. Bd1
Bd2 73. Kd4 Kg5 74. Ke4 h5 75. Kf3 h4 1/2-1/2

[Event "Baku Open 2023"]
[Site "Baku AZE"]
[Date "2023.05.08"]
[Round "5.20"]
[White "Begmuratov, Khumoyun"]
[Black "Gadimbayli, Abdulla"]
[Result "1/2-1/2"]
[WhiteTitle "FM"]
[BlackTitle "GM"]
[WhiteElo "2400"]
[BlackElo "2500"]
[WhiteFideId "14210207"]
[BlackFideId "13404938"]
[EventDate "2023.05.04"]

1. e4 e6 2. d4 d5 3. Nc3 Nf6 4. e5 Nfd7 5. f4 c5 6. Nf3 Nc6 7. Be3 a6 8. Qd2 b5
9. Ne2 b4 10. dxc5 Bxc5 11. Bxc5 Nxc5 12. Ned4 Nxd4 13. Qxd4 Qb6 14. Be2 O-O 15.
O-O Bd7 16. Rfc1 a5 17. Nd2 Rfc8 18. c3 bxc3 19. bxc3 Na4 20. Qxb6 Nxb6 21. Rab1
Rab8 22. Ba6 Rd8 23. Nb3 Na4 24. c4 Rb6 25. Bb5 Bxb5 26. cxb5 Rxb5 27. Nd4 Rxb1
28. Rxb1 h6 29. Rb5 Ra8 30. a3 Nc3 31. Rb7 Ne4 32. g4 Rc8 33. f5 Nc5 34. Ra7 a4
35. h4 Re8 36. Nc6 h5 37. gxh5 exf5 38. Ne7+ 1/2-1/2

[Event "Baku Open 2023"]
[Site "Baku AZE"]
[Date "2023.05.08"]
[Round "5.21"]
[White "Sadikhov, Ulvi"]
[Black "Balajayeva, Khanim"]
[Result "1/2-1/2"]
[WhiteTitle "GM"]
[BlackTitle "WGM"]
[WhiteElo "2489"]
[BlackElo "2327"]
[WhiteFideId "13401416"]
[BlackFideId "13406396"]
[EventDate "2023.05.04"]

1. Nf3 d5 2. g3 Nf6 3. Bg2 e6 4. O-O Be7 5. d3 O-O 6. c3 a5 7. Qc2 Nc6 8. e4
dxe4 9. dxe4 e5 10. a4 h6 11. Rd1 Bd7 12. Nbd2 Re8 13. Nc4 Bf8 14. Nh4 Qc8 15.
Ne3 Nd8 16. Nd5 Ra6 17. Bf1 Rd6 18. Nxf6+ Rxf6 19. Be3 Ne6 20. Nf5 Kh7 21. Bg2
Bc6 22. Nh4 Kg8 23. Nf3 Nf4 24. Bxf4 exf4 25. e5 Rfe6 26. Nd4 Rxe5 27. Nxc6 bxc6
28. Bxc6 fxg3 29. hxg3 Re2 30. Qd3 Bc5 31. Rd2 Bxf2+ 32. Kg2 Rxd2 33. Qxd2 Be3
34. Qd3 Re5 35. Re1 Qe6 36. Qd8+ Kh7 37. Qd3+ Kg8 38. Qd8+ Kh7 39. Qd3+ g6 40.
Qd7 Qxd7 41. Bxd7 Re7 42. Kf3 Bc5 43. Rxe7 Bxe7 44. g4 h5 45. gxh5 gxh5 46. Ke4
Kg6 47. Bf5+ Kg5 48. Bd7 Bd6 49. Bc8 Kh4 50. Kf3 Kg5 51. Ke4 1/2-1/2

[Event "Baku Open 2023"]
[Site "Baku AZE"]
[Date "2023.05.08"]
[Round "5.22"]
[White "Aradhya, Garg"]
[Black "Manish Anto, Cristiano F"]
[Result "1-0"]
[WhiteTitle "FM"]
[BlackTitle "IM"]
[WhiteElo "2305"]
[BlackElo "2485"]
[WhiteFideId "25006746"]
[BlackFideId "25095927"]
[EventDate "2023.05.04"]

1. d4 d5 2. c4 c6 3. cxd5 cxd5 4. Bg5 Nc6 5. Nc3 Nf6 6. Bxf6 gxf6 7. e3 e6 8.
Bd3 f5 9. Nf3 Be7 10. Rc1 Bd7 11. a3 Rc8 12. O-O O-O 13. b4 a5 14. b5 Nb8 15.
Qa4 Bd6 16. Ne2 f6 17. Nf4 b6 18. Rxc8 Bxc8 19. Qb3 Rf7 20. Rc1 Rc7 21. Rxc7
Qxc7 22. Ne2 Nd7 23. a4 Nf8 24. Qc2 Qb8 25. g3 Bd7 26. Nf4 Be7 27. h3 Qd6 28. g4
fxg4 29. hxg4 Be8 30. Qc8 Bf7 31. Ne2 e5 32. Bf5 e4 33. Nh4 Qb4 34. Nf4 Qxa4 35.
Qb7 Bd8 36. Qb8 Be7 37. Qxb6 Qb4 38. Qb7 Bd8 39. Nxd5 Qb1+ 40. Kg2 a4 41. Qa8
Qxb5 42. Nc3 Qc4 43. Nxa4 Be7 44. Bxe4 Bb4 45. Qc6 Qe2 46. Bf3 Qa2 47. Nc5 Ne6
48. Qc8+ Nf8 49. Nf5 Be1 50. Nd3 Bd2 51. Qd8 Qa6 52. Nc5 Ba5 53. Qxf8+ 1-0

[Event "Baku Open 2023"]
[Site "Baku AZE"]
[Date "2023.05.08"]
[Round "5.23"]
[White "Chkhaidze, Nikoloz"]
[Black "Erdogmus, Yagiz Kaan"]
[Result "0-1"]
[WhiteTitle "FM"]
[BlackTitle "IM"]
[WhiteElo "2253"]
[BlackElo "2454"]
[WhiteFideId "13601750"]
[BlackFideId "44599790"]
[EventDate "2023.05.04"]

1. e4 c5 2. Nf3 d6 3. Bb5+ Nd7 4. c4 Nf6 5. Nc3 e6 6. O-O Be7 7. d4 cxd4 8. Nxd4
O-O 9. Ba4 a6 10. Qe2 Qc7 11. Bc2 Ne5 12. Bd3 Nfg4 13. Rd1 h5 14. Nf3 d5 15. Bf4
Nxf3+ 16. Qxf3 Bd6 17. h3 Bxf4 18. hxg4 hxg4 19. Qxg4 dxe4 20. Be2 f5 21. Qh4
Rf6 22. c5 e3 23. Na4 g5 24. Qh5 exf2+ 25. Kxf2 Bg3+ 26. Kg1 Bf4 27. Kf2 Bd7 28.
Rh1 Be3+ 29. Kxe3 Qf4+ 30. Kd3 Bb5+ 31. Kc2 Qxa4+ 32. b3 Qe4+ 33. Kc1 Qe3+ 34.
Kb1 Bd3+ 35. Bxd3 Qxd3+ 36. Kb2 Qd4+ 37. Kb1 Rf7 38. Qg6+ Kf8 39. a4 Rc8 40. Ra2
Rxc5 41. Qxg5 Rh7 42. Rc1 Rxc1+ 43. Qxc1 Qd3+ 44. Kb2 Kf7 45. Qc7+ Kg6 46. Qe5
Qd7 47. Ka3 Qe7+ 48. b4 Rh4 49. Rb2 b6 50. Qb8 Qg7 51. Qc8 Re4 52. g4 fxg4 53.
Rf2 Qa1+ 54. Kb3 Qb1+ 55. Kc3 Re3+ 56. Kd4 0-1

[Event "Baku Open 2023"]
[Site "Baku AZE"]
[Date "2023.05.08"]
[Round "5.24"]
[White "Gareyev, Timur"]
[Black "Divya, Deshmukh"]
[Result "0-1"]
[WhiteTitle "GM"]
[BlackTitle "WGM"]
[WhiteElo "2602"]
[BlackElo "2372"]
[WhiteFideId "14200937"]
[BlackFideId "35006916"]
[EventDate "2023.05.04"]

1. Nf3 d5 2. g3 Nc6 3. d4 Bf5 4. Bg2 e6 5. O-O Nb4 6. c4 Nc2 7. cxd5 Nxa1 8. e4
Bxe4 9. dxe6 fxe6 10. Nc3 Bxf3 11. Bxf3 Nf6 12. Bxb7 Rb8 13. Bc6+ Kf7 14. d5 e5
15. Bg5 Rb4 16. Qe2 Qc8 17. Rxa1 Qg4 18. Qxe5 Bd6 19. Qe6+ Qxe6 20. dxe6+ Kxe6
21. Re1+ Kf7 22. Re2 h6 23. Be3 Be5 24. Bxa7 Bxc3 25. bxc3 Rc4 26. Bb5 Rxc3 27.
Bd4 Rc1+ 28. Kg2 Rd8 29. Be3 Rc3 30. Rb2 Ne4 31. Be2 Kg8 32. Bf4 Nd6 33. Bd2 Rc5
34. Bb4 Rc6 35. Bd1 Kh8 36. Bb3 Nf5 37. h4 Rb8 38. a3 Rcb6 39. Bc2 Nxh4+ 40.
gxh4 c5 41. Kg3 cxb4 42. Rxb4 Rxb4 43. axb4 Rxb4 44. f4 Kg8 45. h5 Kf7 46. Kg4
Ke6 47. Bh7 Rb8 48. Be4 Rf8 49. Kf3 Kd6 50. Ke3 Rb8 51. Bg6 Rb4 52. Bf7 Kc5 53.
Bg8 Rb8 54. Bh7 Re8+ 55. Kd3 Kd5 56. Bg6 Re7 57. Bh7 Kc5 58. Bg8 Re8 59. Bf7 Rf8 0-1

[Event "Baku Open 2023"]
[Site "Baku AZE"]
[Date "2023.05.08"]
[Round "5.25"]
[White "Romanov, Evgeny"]
[Black "Atakishiyev, Elmar"]
[Result "1-0"]
[WhiteTitle "GM"]
[BlackTitle "FM"]
[WhiteElo "2578"]
[BlackElo "2363"]
[WhiteFideId "4148843"]
[BlackFideId "13410547"]
[EventDate "2023.05.04"]

1. d4 Nf6 2. Nf3 e6 3. g3 d5 4. Bg2 Be7 5. O-O O-O 6. b3 b6 7. c4 c6 8. Nc3 Ba6
9. Nd2 Nbd7 10. e4 Rc8 11. Re1 c5 12. dxc5 d4 13. Na4 Nxc5 14. Nxc5 bxc5 15. e5
Nd7 16. Qg4 Qc7 17. Nf3 Rfe8 18. Bh6 Bf8 19. Bf4 Bb7 20. h4 g6 21. h5 Bg7 22.
hxg6 fxg6 23. Qh3 Bxf3 24. Bxf3 Nf8 25. Rad1 Rcd8 26. Bg2 Rd7 27. g4 Rf7 28. Bh2
g5 29. Qh5 Qe7 30. Be4 Ng6 31. Bxg6 hxg6 32. Qxg6 Ref8 33. Bg3 Rf3 34. Kg2 Qf7
35. Qxf7+ R8xf7 36. Rh1 Rc3 37. Rh5 Rd7 38. Rxg5 d3 39. Rd2 Rc2 40. Bf4 Kf7 41.
Rh5 Rd4 42. Be3 Rxg4+ 43. Kf3 Rg1 44. Ke4 Rxd2 45. Bxd2 Ra1 46. Rh3 Rxa2 47.
Rxd3 a5 48. Be3 Bf8 49. Rd7+ Kg6 50. Ra7 Ra3 51. Ra8 Bg7 52. Bxc5 Rxb3 53. Re8 1-0

[Event "Baku Open 2023"]
[Site "Baku AZE"]
[Date "2023.05.08"]
[Round "5.26"]
[White "Bharath, Subramaniyam H"]
[Black "Garayev, Kanan"]
[Result "1-0"]
[WhiteTitle "GM"]
[BlackTitle "IM"]
[WhiteElo "2517"]
[BlackElo "2346"]
[WhiteFideId "46634827"]
[BlackFideId "13406671"]
[EventDate "2023.05.04"]

1. d4 d5 2. Bf4 e6 3. Nf3 Bd6 4. e3 Nf6 5. Ne5 O-O 6. Nd2 c5 7. c3 Qc7 8. Bd3
Nc6 9. Ndf3 b6 10. O-O Bb7 11. Rc1 Ne4 12. Nxc6 Bxf4 13. exf4 Bxc6 14. g3 Nd6
15. Re1 Bb5 16. Bb1 Rac8 17. Ng5 g6 18. h4 cxd4 19. Qxd4 Qc5 20. Qf6 Ne8 21. Qe5
Ng7 22. Nf3 Qc7 23. Qd4 Qc5 24. Qd2 Nf5 25. h5 Nd6 26. f5 Ne4 27. Rxe4 dxe4 28.
Qh6 Qe7 29. Ng5 f6 30. Nxe6 gxf5 31. Nxf8 Rxf8 32. Rd1 Rd8 33. Bc2 Bc4 34. Rxd8+
Qxd8 35. Qf4 Be6 36. g4 fxg4 37. Qxe4 Qd7 38. h6 Bd5 39. Qf4 Kf7 40. Bxh7 Qe7
41. Kh2 Bxa2 42. Qxg4 Qd6+ 43. Kg1 1-0

[Event "Baku Open 2023"]
[Site "Baku AZE"]
[Date "2023.05.08"]
[Round "5.27"]
[White "Guliev, Sarhan"]
[Black "Sivuk, Vitaly"]
[Result "0-1"]
[WhiteTitle "GM"]
[BlackTitle "GM"]
[WhiteElo "2308"]
[BlackElo "2533"]
[WhiteFideId "13400231"]
[BlackFideId "14116502"]
[EventDate "2023.05.04"]

1. e4 c5 2. c3 d5 3. exd5 Qxd5 4. d4 Nc6 5. Nf3 Bf5 6. Be2 e6 7. O-O Nf6 8. Be3
Ng4 9. Bg5 h6 10. Bh4 g5 11. Bg3 Bg7 12. c4 Qd7 13. d5 exd5 14. cxd5 Nb4 15. Nc3
O-O 16. h3 Nf6 17. Ne5 Qd8 18. d6 Nc2 19. Rc1 Nd4 20. Nb5 Nxb5 21. Bxb5 Ne4 22.
Bh2 Nxd6 23. Bd3 Rc8 24. Qf3 Bxd3 25. Qxd3 Re8 26. Rfe1 Re6 27. Qd5 Qe7 28. Nf3
Ne4 29. Qf5 Re8 30. b4 Nc3 31. Rxe6 Qxe6 32. Qxe6 Rxe6 33. Rc2 cxb4 34. Rd2 Re2
35. Rd7 Kh7 36. Bd6 Rxa2 0-1

[Event "Baku Open 2023"]
[Site "Baku AZE"]
[Date "2023.05.08"]
[Round "5.28"]
[White "Makhnev, Denis"]
[Black "Mustafayev, Farid"]
[Result "0-1"]
[WhiteTitle "GM"]
[BlackTitle "FM"]
[WhiteElo "2483"]
[BlackElo "2316"]
[WhiteFideId "13707647"]
[BlackFideId "13408771"]
[EventDate "2023.05.04"]

1. d4 d5 2. c4 e6 3. Nf3 Nf6 4. g3 Bb4+ 5. Bd2 Be7 6. Bg2 O-O 7. O-O dxc4 8. Qc2
a6 9. a4 Nbd7 10. Na3 c3 11. bxc3 Bxa3 12. Rxa3 Qe7 13. Rb3 e5 14. dxe5 Nxe5 15.
c4 Nc6 16. c5 h6 17. Rfb1 a5 18. Re3 Qd8 19. Ne5 Nd5 20. Nxc6 Nxe3 21. Bxe3 bxc6
22. Bxc6 Ra6 23. Bf3 Re6 24. c6 Rfe8 25. Qc3 Rd6 26. Qxa5 Bh3 27. Qe1 Qf6 28.
Rc1 g5 29. a5 Red8 30. Bc5 Rd2 31. Bb4 Ra2 32. Bc3 Qe6 33. Rd1 Qe7 34. e3 Rc2
35. Ra1 Bf5 36. a6 Be4 37. Bf6 Qxf6 38. Bxe4 Rxf2 39. a7 Re2 40. Qf1 Qc3 41. Bd5
Qxe3+ 42. Kh1 Rf2 43. Qb1 Qd2 44. Qg6+ Kf8 45. Qxh6+ Ke7 46. Kg1 Rf6 0-1

[Event "Baku Open 2023"]
[Site "Baku AZE"]
[Date "2023.05.08"]
[Round "5.29"]
[White "Urazayev, Arystanbek"]
[Black "Mohamed, Anees M"]
[Result "1-0"]
[WhiteTitle "IM"]
[BlackTitle "FM"]
[WhiteElo "2460"]
[BlackElo "2317"]
[WhiteFideId "13709810"]
[BlackFideId "35065815"]
[EventDate "2023.05.04"]

1. e4 c5 2. Nf3 Nc6 3. Bb5 e6 4. O-O Nge7 5. d4 cxd4 6. Nxd4 Qb6 7. Nxc6 dxc6 8.
Bc4 Ng6 9. a4 Bc5 10. Qh5 Bd6 11. Nd2 Qc5 12. Qxc5 Bxc5 13. Nb3 Bd6 14. f4 f6
15. Be3 Ke7 16. Rad1 Rd8 17. g3 Bc7 18. h4 Bb6 19. Nc5 Rxd1 20. Rxd1 e5 21. f5
Nf8 22. Kf2 Nd7 23. Nd3 Bxe3+ 24. Kxe3 a5 25. g4 b6 26. g5 Ba6 27. gxf6+ gxf6
28. Ba2 Bxd3 29. cxd3 b5 30. axb5 cxb5 31. Rg1 a4 32. Rg7+ Kd6 33. Be6 Ra7 34.
Rxh7 b4 35. Rg7 a3 36. bxa3 bxa3 37. Rg2 Nc5 38. Bc4 Rh7 39. Rh2 Na4 40. h5 Rh6
41. Ra2 Rxh5 42. Rxa3 Rh3+ 43. Ke2 Nc5 44. Ra7 Rh2+ 45. Kf3 Rh3+ 46. Kg2 Re3 47.
Rf7 Nxd3 48. Bxd3 Rxd3 49. Rxf6+ Ke7 50. Re6+ Kf7 51. Rxe5 Ra3 52. Re6 Rb3 53.
Kf2 Ra3 54. Rg6 Rb3 55. Rg3 Rb6 56. Ke3 Kf6 57. Kf4 Rb4 58. Rg6+ Kf7 59. Ra6 Ke7
60. f6+ Kf7 61. Kf5 Rb1 62. Ra7+ Kf8 63. e5 Rc1 64. Ra8+ 1-0

[Event "Baku Open 2023"]
[Site "Baku AZE"]
[Date "2023.05.08"]
[Round "5.30"]
[White "Bayramov, Zaur"]
[Black "Jubin, Jimmy"]
[Result "0-1"]
[WhiteTitle "FM"]
[BlackTitle "IM"]
[WhiteElo "2310"]
[BlackElo "2455"]
[WhiteFideId "13405080"]
[BlackFideId "46686614"]
[EventDate "2023.05.04"]

1. c4 e6 2. Nf3 Nf6 3. g3 d5 4. Bg2 Be7 5. O-O O-O 6. Qc2 c5 7. cxd5 Nxd5 8. Nc3
Nc6 9. a3 Bd7 10. Rd1 Rc8 11. e3 Be8 12. Nxd5 exd5 13. d3 Bd7 14. b3 Bg4 15. h3
Be6 16. Rb1 Qd7 17. Kh2 b6 18. Qe2 d4 19. e4 f5 20. exf5 Bxf5 21. Nd2 Rce8 22.
Ne4 Kh8 23. Bd2 a5 24. Rf1 Be6 25. f4 Na7 26. g4 Nb5 27. a4 Nd6 28. Ng3 Bg8 29.
Qf3 Bh4 30. Rfe1 Rxe1 31. Bxe1 Nc8 32. Bd2 Bxg3+ 33. Qxg3 Re8 34. Qf2 Ne7 35. f5
Nd5 36. Re1 Nb4 37. Bxb4 axb4 38. Rxe8 Qxe8 39. Qf4 Bxb3 40. g5 Bf7 41. Qc7 b3
42. Qxb6 c4 43. dxc4 d3 44. Bf3 Bxc4 45. Qb4 Qe5+ 46. Kg2 Bg8 47. a5 Qa1 48. Be4
Qb2+ 49. Kf3 d2 50. Ke2 Bc4+ 51. Qxc4 Qc1 0-1

[Event "Baku Open 2023"]
[Site "Baku AZE"]
[Date "2023.05.08"]
[Round "5.31"]
[White "Ayush, Sharma"]
[Black "Nigmatov, Ortik"]
[Result "0-1"]
[WhiteTitle "FM"]
[BlackTitle "IM"]
[WhiteElo "2267"]
[BlackElo "2473"]
[WhiteFideId "45010943"]
[BlackFideId "14202131"]
[EventDate "2023.05.04"]

1. e4 e5 2. Nf3 Nc6 3. Bb5 a6 4. Ba4 f5 5. d4 exd4 6. e5 b5 7. Bb3 Bb7 8. O-O
Na5 9. Nxd4 c5 10. Nxf5 c4 11. Qg4 Qb6 12. e6 O-O-O 13. Bg5 Qxe6 14. Bxd8 Kxd8
15. Qf4 Nc6 16. Nc3 Qe5 17. Qf3 g6 18. Ng3 Bd6 19. Rfe1 Qf4 20. Qd1 cxb3 21.
Nce4 Kc7 22. Re3 Be5 23. cxb3 Nge7 24. Nc5 Bd4 25. Ne2 Qg5 26. Nxa6+ Kd8 27.
Nxd4 Nxd4 28. Rg3 Qe5 29. Qd2 Ne2+ 30. Kh1 Nxg3+ 31. hxg3 Qf5 32. Qd4 Qh3+ 0-1

[Event "Baku Open 2023"]
[Site "Baku AZE"]
[Date "2023.05.08"]
[Round "5.32"]
[White "Akhvlediani, Irakli"]
[Black "Suyarov, Mukhammadzokhid"]
[Result "0-1"]
[WhiteTitle "FM"]
[BlackTitle "FM"]
[WhiteElo "2421"]
[BlackElo "2281"]
[WhiteFideId "13601938"]
[BlackFideId "14210495"]
[EventDate "2023.05.04"]

1. c4 e5 2. Nc3 Nc6 3. g3 g6 4. Bg2 Bg7 5. Nf3 Nge7 6. O-O O-O 7. d3 Nd4 8. Nxd4
exd4 9. Nd5 c6 10. Nf4 a5 11. Qa4 Ra6 12. b4 axb4 13. Qxb4 d6 14. a4 Qc7 15. Bd2
Bd7 16. c5 dxc5 17. Qxc5 Nf5 18. a5 Re8 19. Rfe1 Qb8 20. Rab1 Re5 21. Qc2 Qa7
22. Bb4 Bf8 23. Bxf8 Kxf8 24. Qb2 Bc8 25. e4 Nd6 26. Ne2 Nb5 27. Ra1 Kg8 28. Ra4
Rxa5 29. Rxa5 Qxa5 30. Ra1 Qb6 31. Ra4 c5 32. Nf4 Qc6 33. Nd5 Nc7 34. Nb6 Nd5
35. exd5 Re1+ 36. Bf1 Qxb6 37. Qd2 Qb1 38. Ra8 Rxf1+ 39. Kg2 Kg7 40. Rxc8 Rg1+
41. Kf3 b6 42. d6 Qb3 43. Qe2 Qd5+ 44. Qe4 Qxd6 45. Rc6 Qd8 46. Qe5+ Kg8 47. Rd6
Qa8+ 48. Kg4 Qc8+ 49. Kh4 h6 50. f4 Rh1 51. g4 Rxh2+ 52. Kg3 Ra2 53. Qd5 Qf8 54.
Rxg6+ Kh7 55. Qf5 Kh8 56. Qf6+ Kh7 57. Qf5 Kh8 58. Rf6 Kg8 59. Rc6 Qe7 60. Rxh6
Qe1+ 0-1

[Event "Baku Open 2023"]
[Site "Baku AZE"]
[Date "2023.05.08"]
[Round "5.33"]
[White "Aydin, Gulenay"]
[Black "Kilic, Eray"]
[Result "0-1"]
[WhiteTitle "WFM"]
[BlackTitle "FM"]
[WhiteElo "2001"]
[BlackElo "2418"]
[WhiteFideId "34557431"]
[BlackFideId "44517173"]
[EventDate "2023.05.04"]

1. e4 e5 2. Nf3 Nc6 3. Nc3 Nf6 4. d4 exd4 5. Nxd4 Bb4 6. Nxc6 bxc6 7. Bd3 d6 8.
Bg5 h6 9. Bh4 Qe7 10. O-O g5 11. Bg3 Ng4 12. h3 Ne5 13. Ne2 Bc5 14. c3 g4 15. h4
Qf6 16. Nf4 h5 17. Re1 a5 18. Bf1 Bb6 19. Nd3 O-O 20. Nxe5 dxe5 21. Bc4 Rb8 22.
Qe2 Bc5 23. Rad1 Be6 24. Rd2 a4 25. Kh2 Rfd8 26. Red1 Rxd2 27. Rxd2 Bd6 28. b3
axb3 29. axb3 c5 30. Ra2 Qh6 31. Qc2 Bxc4 32. bxc4 Qe6 33. Qe2 Kh7 34. Qd3 Rb3
35. Ra5 Rb2 36. Rb5 Ra2 37. Rb8 Ra4 38. Qe3 f6 39. f3 Qxc4 40. Be1 Qf7 41. Bd2
Qg7 42. Qd3 c4 43. Qb1 gxf3 44. gxf3 Bc5 45. Rb2 Ra8 46. Qf1 Rg8 47. Be1 Bg1+
48. Kh1 Be3 49. Bf2 Bxf2 50. Qxf2 Qd7 51. Kh2 Qd3 52. Rc2 Rd8 53. Kh3 Qd1 54.
Kh2 Rd3 55. Kg2 Rxf3 56. Qxf3 Qxc2+ 57. Kg1 Qc1+ 58. Kg2 Qd2+ 59. Kg1 Qe1+ 60.
Kg2 Qxh4 61. Qf5+ Kh6 0-1

[Event "Baku Open 2023"]
[Site "Baku AZE"]
[Date "2023.05.08"]
[Round "5.34"]
[White "Lortkipanidze, Nodar"]
[Black "Nurgali, Nazerke"]
[Result "1-0"]
[WhiteTitle "IM"]
[BlackTitle "WIM"]
[WhiteElo "2406"]
[BlackElo "2150"]
[WhiteFideId "13604058"]
[BlackFideId "13711261"]
[EventDate "2023.05.04"]

1. e4 c6 2. Nc3 d5 3. Nf3 dxe4 4. Nxe4 Nf6 5. Qe2 Nxe4 6. Qxe4 Nd7 7. g3 Nf6 8.
Qe2 Bf5 9. d3 e6 10. Bg2 Bb4+ 11. Bd2 Bxd2+ 12. Nxd2 O-O 13. Nc4 Nd5 14. h4 e5
15. O-O-O f6 16. d4 exd4 17. Rxd4 Re8 18. Qd2 Be6 19. Ne3 Qc7 20. Nxd5 Bxd5 21.
Bxd5+ cxd5 22. Rxd5 Qc4 23. b3 Qa6 24. a4 Qc6 25. Rd1 h6 26. Rd6 Qc8 27. Rd7 Kh8
28. Kb2 a6 29. Qf4 Re5 30. Qg4 Re7 31. R1d4 Qe8 32. f4 b5 33. a5 Rxd7 34. Rxd7
Qf8 35. Qg6 Rc8 36. g4 Rd8 37. Rf7 Qg8 38. g5 hxg5 39. hxg5 fxg5 40. fxg5 Qh7
41. Qe6 Qh5 42. Rxg7 1-0

[Event "Baku Open 2023"]
[Site "Baku AZE"]
[Date "2023.05.08"]
[Round "5.35"]
[White "Moksh, Amit Doshi"]
[Black "Guliev, Logman"]
[Result "1-0"]
[WhiteTitle "IM"]
[BlackTitle "IM"]
[WhiteElo "2397"]
[BlackElo "2261"]
[WhiteFideId "25064967"]
[BlackFideId "13400061"]
[EventDate "2023.05.04"]

1. c4 e6 2. Nf3 Nf6 3. g3 d5 4. d4 Bb4+ 5. Bd2 Be7 6. Bg2 O-O 7. O-O Nbd7 8. Qc2
c6 9. Rd1 b6 10. Bf4 Ba6 11. Ne5 Nxe5 12. dxe5 Nd7 13. cxd5 cxd5 14. e4 Rc8 15.
Nc3 d4 16. Rxd4 Qc7 17. Rad1 Rfd8 18. h4 b5 19. Bf1 Nxe5 20. Rxd8+ Bxd8 21. Bxb5
Bxb5 22. Bxe5 Qxe5 23. Nxb5 Rb8 24. Na3 g6 25. Rd7 Bb6 26. Kg2 Qa5 27. Qb3 Qc5
28. Qc2 Qa5 29. Nc4 Qc5 30. b3 Qc6 31. Rxf7 Bd4 32. Rf3 e5 33. Ne3 Qb7 34. Nd5
Rf8 35. Rxf8+ Kxf8 36. Qc7 Qxc7 37. Nxc7 Ke7 38. Kf1 Kd7 39. Nd5 h5 40. Ke2 Kd6
41. b4 1-0